Poraďte si s poradou

Porada - nevyhnutne spojená s prácou manažéra. Dôvody, ktoré vedú k zvolaniu porady. Pravidelné porady - pevný termín a miesto konania. Počet prítomných na porade. Program porady, produktivita porady, príprava zúčastnených. Niektoré kroky vedúce k úspešnému výsledku porady.

Salvato in:
Dettagli Bibliografici
Natura: Capitolo di libro
Lingua:slovacco
Soggetti:
Tags: Aggiungi Tag
Nessun Tag, puoi essere il primo ad aggiungerne!!

MARC

LEADER 00000naa a2200000 4500
001 r020921
005 20230419073249.8
041 0 |a slo 
044 |a SK 
245 1 0 |a Poraďte si s poradou 
520 |a Porada - nevyhnutne spojená s prácou manažéra. Dôvody, ktoré vedú k zvolaniu porady. Pravidelné porady - pevný termín a miesto konania. Počet prítomných na porade. Program porady, produktivita porady, príprava zúčastnených. Niektoré kroky vedúce k úspešnému výsledku porady. 
610 2 0 |a manažment 
610 2 0 |a manažéri 
610 2 0 |a porady